000 00687nam a2200253Ia 4500
003 OSt
005 20221006144945.0
006 a|||||r|||| 00| 0
007 ta
008 221006b |||||||| |||| 00| 0 eng d
020 _c
_5.00
024 _a13,312
037 _cTextual
040 _aEASL
_cEASL
_beng
041 _2eng
_aeng
082 _aV41,8.N44<-N37, H5
100 _aROSINGER Lawrence K
_9105400
245 0 _aChinas wartime politics 1937-1944
260 _aPricneton
_bPrinceton University Press
_c1945
300 _a133p.
_ccm.
490 _v CEL
942 _hV41,8.N44<-N37, H5
_cTEXL
_2CC
999 _c1081398
_d1081398